Schaum's outline of theory and problems of numerical analysis / (Record no. 1338)

MARC details
000 -LEADER
fixed length control field 01099nac a22003131i 4500
003 - CONTROL NUMBER IDENTIFIER
control field EG-ScBUE
005 - DATE AND TIME OF LATEST TRANSACTION
control field 20241109101138.0
008 - FIXED-LENGTH DATA ELEMENTS--GENERAL INFORMATION
fixed length control field 091102r20041989ii a f 001 0 eng d
020 ## - INTERNATIONAL STANDARD BOOK NUMBER
International Standard Book Number 007058723X
020 ## - INTERNATIONAL STANDARD BOOK NUMBER
International Standard Book Number 9780070587236
040 ## - CATALOGING SOURCE
Original cataloging agency EG-ScBUE
Language of cataloging eng
Description conventions rda
Transcribing agency EG-ScBUE
Modifying agency EG-ScBUE
082 04 - DEWEY DECIMAL CLASSIFICATION NUMBER
Classification number 518
Item number SCH
Edition number 22
100 1# - MAIN ENTRY--PERSONAL NAME
Personal name Scheid, Francis,
Relator term author.
9 (RLIN) 9112
245 10 - TITLE STATEMENT
Title Schaum's outline of theory and problems of numerical analysis /
Statement of responsibility, etc by Francis Scheid, Ph.D., professor emeritus of mathematics, Boston University.
250 ## - EDITION STATEMENT
Edition statement Second edition.
250 ## - EDITION STATEMENT
Edition statement Reprint edition.
264 #1 - PUBLICATION, DISTRIBUTION, ETC. (IMPRINT)
Place of publication, distribution, etc New Delhi :
Name of publisher, distributor, etc Tata McGraw-Hill Pub. Co.,
Date of publication, distribution, etc 2004.
300 ## - PHYSICAL DESCRIPTION
Extent 471 pages :
Other physical details illustrations ;
Dimensions 28 cm.
336 ## - CONTENT TYPE
Source rdacontent
Content type term text
Content type code txt
337 ## - MEDIA TYPE
Media type term unmediated
Source rdamedia
Media type code n
338 ## - CARRIER TYPE
Carrier type term volume
Carrier type code nc
Source rdacarrier
490 0# - SERIES STATEMENT
Series statement Schaum's outline series
500 ## - GENERAL NOTE
General note Includes index.
650 #7 - SUBJECT ADDED ENTRY--TOPICAL TERM
Topical term or geographic name as entry element Numerical analysis.
Source of heading or term BUEsh
9 (RLIN) 9113
655 ## - INDEX TERM--GENRE/FORM
Form subdivision Reading book
740 ## - ADDED ENTRY--UNCONTROLLED RELATED/ANALYTICAL TITLE
Uncontrolled related/analytical title Theory and problems of numerical analysis.
740 ## - ADDED ENTRY--UNCONTROLLED RELATED/ANALYTICAL TITLE
Uncontrolled related/analytical title Numerical analysis: spine title.
942 ## - ADDED ENTRY ELEMENTS (KOHA)
Koha item type Book - Borrowing
Source of classification or shelving scheme Dewey Decimal Classification
Holdings
Withdrawn status Lost status Source of classification or shelving scheme Damaged status Not for loan Collection code Home library Current library Shelving location Date acquired Source of acquisition Total Checkouts Full call number Barcode Date last seen Price effective from Koha item type Cost, normal purchase price Total Renewals Date checked out Cost, replacement price
    Dewey Decimal Classification     Alahram Central Library Central Library First floor 04/09/2006 Purchase   518 SCH 000003126 15/07/2025 04/09/2006 Book - Borrowing        
    Dewey Decimal Classification     Alahram Central Library Central Library First floor 04/09/2006 Purchase   518 SCH 000003125 15/07/2025 04/09/2006 Book - Borrowing        
    Dewey Decimal Classification       Central Library Central Library First floor 29/05/2008   1 518 SCH 000011839 15/07/2025 29/05/2008 Book - Borrowing 100.00 22 16/04/2014 125.00
    Dewey Decimal Classification       Central Library Central Library First floor 29/05/2008 Purchase 4 518 SCH 000011838 15/07/2025 29/05/2008 Book - Borrowing 100.00 16 16/11/2021 125.00
    Dewey Decimal Classification       Central Library Central Library First floor 29/05/2008 Purchase 2 518 SCH 000011837 15/07/2025 29/05/2008 Book - Borrowing 100.00 2 28/02/2012 125.00
    Dewey Decimal Classification       Central Library Central Library First floor 08/09/2008 Purchase 1 518 SCH 000013514 15/07/2025 08/09/2008 Book - Borrowing 100.00 1 06/05/2009 125.00